000 00315nam a2200133Ia 4500
005 20251222142004.0
008 251222s9999||||xx |||||||||||||| ||spa||
020 _a84-206-7330-7
082 _a869.964/C28E
100 _aCarpentier, Alejo
245 0 _aÉcue-Yamba-Ó
264 _bAlianza Editorial
942 _cLIB
999 _c10114
_d10114